000 00857nam a2200265Ia 4500
003 OSt
005 20220925214648.0
006 a|||||r|||| 00| 0
007 ta
008 220923b |||||||| |||| 00| 0 eng d
020 _a0 903804 49 2
037 _cGeneral Book
040 _aRTL
_cRTL
_beng
041 _2eng
_aeng
082 _aX:54.1.N7, M0/TD3
100 _aSengupta Arjun Ed.
245 0 _aCommodities finance and traders, issues in North South negotiations
260 _aLondon
_bFrances Pinter U. K.
_c1980
300 _axlix, 407p.
_ccm.
500 _aCentre for Research on the New International Economic Order publication; Bibliography chapterwise
650 _a Economics
650 _aInternational Trade
942 _hX:54.1.N7, M0/TD3
_cGB
_2CC
999 _c566179
_d566179